| 000 | 00877 a2200277 4500 | ||
|---|---|---|---|
| 001 | 200129114 | ||
| 999 |
_c200129114 _d31149 |
||
| 003 | TR-AnTOB | ||
| 005 | 20241121153023.0 | ||
| 008 | 130716s2012 tu 000 0 | ||
| 020 | _a9786056282775 | ||
| 040 | _aTR-AnTOB | ||
| 041 | _atur | ||
| 050 | 0 | 0 |
_aDS51.M28 _bG86 2012 |
| 090 | _aDS51.M28 G86 2012 | ||
| 100 | 1 |
_aGünay, Nejla _988496 |
|
| 245 | 1 | 0 |
_aXX. yüzyılda Maraş (Ermeniler, Türkler, Müslümanlar) : _bmakaleler / _cNejla Günay. |
| 246 | 3 | _aYirminici yüzyılda Maraş. | |
| 264 | 1 |
_aKahramanmaraş : _bUKDE, _c2012. |
|
| 300 |
_a387 pages; _c22 cm |
||
| 490 | 0 |
_aUkde kitaplığı ;112. _aMaraş Tarihi Serisi ; 22. |
|
| 504 | _aIncludes bibliographical references. | ||
| 651 | 0 |
_aKahramanmaraş İli (Turkey) _xHistory _9111734 |
|
| 651 | 0 |
_aKahramanmaraş İli (Türkiye) _xSosyal durum _967203 |
|
| 942 | _cBK | ||